|
|
|
|
| LEADER |
00000nam0a2200000 4500 |
| 001 |
372409 |
| 005 |
20231102012455.0 |
| 035 |
|
|
|a (RuTPU)RU\TPU\retro\29832
|
| 035 |
|
|
|a RU\TPU\book\211297
|
| 090 |
|
|
|a 372409
|
| 100 |
|
|
|a 20221214d1979 k y0rusy50 ca
|
| 101 |
0 |
|
|a rus
|
| 102 |
|
|
|a RU
|
| 105 |
|
|
|a a z 001zy
|
| 200 |
1 |
|
|a Вычислительные методы и математическое обеспечение ЭВМ
|e сборник статей
|f под ред. А. Н. Чекалина
|
| 210 |
|
|
|a Казань
|c Изд-во Казанского ун-та
|d 1979
|
| 215 |
|
|
|a 120 с.
|c ил.
|
| 320 |
|
|
|a Библиогр. в конце ст.
|
| 606 |
1 |
|
|a Математика прикладная
|2 stltpush
|3 (RuTPU)RU\TPU\subj\53312
|9 71627
|
| 610 |
1 |
|
|a задачи
|
| 610 |
1 |
|
|a вычислительные машины
|
| 610 |
1 |
|
|a решение
|
| 610 |
1 |
|
|a ЭВМ
|
| 610 |
1 |
|
|a математическое обеспечение
|
| 610 |
1 |
|
|a вычислительные методы
|
| 675 |
|
|
|a 51-7
|v 3
|
| 702 |
|
1 |
|a Чекалин
|b А. Н.
|4 340
|
| 801 |
|
1 |
|a RU
|b 63413507
|c 20110328
|
| 801 |
|
2 |
|a RU
|b 63413507
|c 20221214
|g RCR
|
| 942 |
|
|
|c BK
|